<?xml version="1.0" encoding="UTF-8"?>
<collection xmlns="http://www.loc.gov/MARC21/slim">
 <record>
  <leader>03200cam a2200685 c 4500</leader>
  <controlfield tag="001">250703076</controlfield>
  <controlfield tag="003">DE-627</controlfield>
  <controlfield tag="005">20250409110400.0</controlfield>
  <controlfield tag="007">tu</controlfield>
  <controlfield tag="008">981102s1998    au ||||| c    00| ||ger c</controlfield>
  <datafield tag="015" ind1=" " ind2=" ">
   <subfield code="a">98,N46,0438</subfield>
   <subfield code="2">dnb</subfield>
  </datafield>
  <datafield tag="015" ind1=" " ind2=" ">
   <subfield code="a">99,A35,1165</subfield>
   <subfield code="2">dnb</subfield>
  </datafield>
  <datafield tag="016" ind1="7" ind2=" ">
   <subfield code="a">954873688</subfield>
   <subfield code="2">DE-101</subfield>
  </datafield>
  <datafield tag="020" ind1=" " ind2=" ">
   <subfield code="a">9783770147953</subfield>
   <subfield code="c"> : DM 78.00 (Buchh.-Ausg. Gewebe)</subfield>
   <subfield code="9">978-3-7701-4795-3</subfield>
  </datafield>
  <datafield tag="020" ind1=" " ind2=" ">
   <subfield code="a">3770147952</subfield>
   <subfield code="c"> : DM 78.00 (Buchh.-Ausg. Gewebe)</subfield>
   <subfield code="9">3-7701-4795-2</subfield>
  </datafield>
  <datafield tag="020" ind1=" " ind2=" ">
   <subfield code="a">3770147960</subfield>
   <subfield code="c"> ((Museumsausg.)</subfield>
   <subfield code="9">3-7701-4796-0</subfield>
  </datafield>
  <datafield tag="035" ind1=" " ind2=" ">
   <subfield code="a">(DE-627)250703076</subfield>
  </datafield>
  <datafield tag="035" ind1=" " ind2=" ">
   <subfield code="a">(DE-576)070780455</subfield>
  </datafield>
  <datafield tag="035" ind1=" " ind2=" ">
   <subfield code="a">(DE-599)GBV250703076</subfield>
  </datafield>
  <datafield tag="035" ind1=" " ind2=" ">
   <subfield code="a">(OCoLC)237358488</subfield>
  </datafield>
  <datafield tag="035" ind1=" " ind2=" ">
   <subfield code="a">(OCoLC)194991695</subfield>
  </datafield>
  <datafield tag="035" ind1=" " ind2=" ">
   <subfield code="a">(OCoLC)237358488</subfield>
  </datafield>
  <datafield tag="035" ind1=" " ind2=" ">
   <subfield code="a">(DE-478)952072154</subfield>
  </datafield>
  <datafield tag="040" ind1=" " ind2=" ">
   <subfield code="a">DE-627</subfield>
   <subfield code="b">ger</subfield>
   <subfield code="c">DE-627</subfield>
   <subfield code="e">rakwb</subfield>
  </datafield>
  <datafield tag="041" ind1=" " ind2=" ">
   <subfield code="a">ger</subfield>
  </datafield>
  <datafield tag="044" ind1=" " ind2=" ">
   <subfield code="c">XA-AT</subfield>
  </datafield>
  <datafield tag="084" ind1=" " ind2=" ">
   <subfield code="a">46</subfield>
   <subfield code="a">47</subfield>
   <subfield code="2">sdnb</subfield>
  </datafield>
  <datafield tag="084" ind1=" " ind2=" ">
   <subfield code="a">9,10</subfield>
   <subfield code="a">9,11</subfield>
   <subfield code="2">ssgn</subfield>
  </datafield>
  <datafield tag="084" ind1=" " ind2=" ">
   <subfield code="a">LI 10950</subfield>
   <subfield code="2">rvk</subfield>
   <subfield code="0">(DE-625)rvk/95452:</subfield>
  </datafield>
  <datafield tag="084" ind1=" " ind2=" ">
   <subfield code="a">20.31</subfield>
   <subfield code="2">bkl</subfield>
  </datafield>
  <datafield tag="245" ind1="0" ind2="0">
   <subfield code="a">Josef und Anni Albers</subfield>
   <subfield code="b">Europa und Amerika ; [Kunstmuseum Bern, 6. November 1998 - 31. Januar 1999]</subfield>
   <subfield code="c">hrsg. von Josef Helfenstein und Henriette Mentha ; mit Beitr. von Anni Albers ... [Übers. aus dem Engl.: Manfred Allié ...]</subfield>
  </datafield>
  <datafield tag="263" ind1=" " ind2=" ">
   <subfield code="a">(Buchh.-Ausg.) Gewebe : DM 78.00</subfield>
  </datafield>
  <datafield tag="264" ind1=" " ind2="1">
   <subfield code="a">Köln</subfield>
   <subfield code="b">DuMont</subfield>
   <subfield code="c">1998</subfield>
  </datafield>
  <datafield tag="300" ind1=" " ind2=" ">
   <subfield code="a">239 S.</subfield>
   <subfield code="b">zahlr. Ill.</subfield>
  </datafield>
  <datafield tag="336" ind1=" " ind2=" ">
   <subfield code="a">Text</subfield>
   <subfield code="b">txt</subfield>
   <subfield code="2">rdacontent</subfield>
  </datafield>
  <datafield tag="336" ind1=" " ind2=" ">
   <subfield code="a">unbewegtes Bild</subfield>
   <subfield code="b">sti</subfield>
   <subfield code="2">rdacontent</subfield>
  </datafield>
  <datafield tag="337" ind1=" " ind2=" ">
   <subfield code="a">ohne Hilfsmittel zu benutzen</subfield>
   <subfield code="b">n</subfield>
   <subfield code="2">rdamedia</subfield>
  </datafield>
  <datafield tag="338" ind1=" " ind2=" ">
   <subfield code="a">Band</subfield>
   <subfield code="b">nc</subfield>
   <subfield code="2">rdacarrier</subfield>
  </datafield>
  <datafield tag="490" ind1="0" ind2=" ">
   <subfield code="a">Künstlerpaare - Künstlerfreunde</subfield>
  </datafield>
  <datafield tag="583" ind1="1" ind2=" ">
   <subfield code="a">Archivierung/Langzeitarchivierung gewährleistet</subfield>
   <subfield code="f">SSG</subfield>
   <subfield code="x">XA-DE-BW</subfield>
   <subfield code="2">pdager</subfield>
   <subfield code="5">DE-16</subfield>
  </datafield>
  <datafield tag="655" ind1=" " ind2="7">
   <subfield code="a">Ausstellungskatalog</subfield>
   <subfield code="x">Kunstmuseum Bern</subfield>
   <subfield code="y">06.11.1998-31.01.1999</subfield>
   <subfield code="0">(DE-588)4135467-9</subfield>
   <subfield code="0">(DE-627)10566491X</subfield>
   <subfield code="0">(DE-576)209660988</subfield>
   <subfield code="2">gnd-content</subfield>
  </datafield>
  <datafield tag="689" ind1="0" ind2="0">
   <subfield code="d">p</subfield>
   <subfield code="0">(DE-588)118501429</subfield>
   <subfield code="0">(DE-627)22448351X</subfield>
   <subfield code="0">(DE-576)160043719</subfield>
   <subfield code="a">Albers, Josef</subfield>
   <subfield code="d">1888-1976</subfield>
   <subfield code="2">gnd</subfield>
  </datafield>
  <datafield tag="689" ind1="0" ind2=" ">
   <subfield code="5">DE-101</subfield>
  </datafield>
  <datafield tag="689" ind1="1" ind2="0">
   <subfield code="d">p</subfield>
   <subfield code="0">(DE-588)119097257</subfield>
   <subfield code="0">(DE-627)079890083</subfield>
   <subfield code="0">(DE-576)211153923</subfield>
   <subfield code="a">Albers, Anni</subfield>
   <subfield code="d">1899-1994</subfield>
   <subfield code="2">gnd</subfield>
  </datafield>
  <datafield tag="689" ind1="1" ind2=" ">
   <subfield code="5">DE-101</subfield>
  </datafield>
  <datafield tag="700" ind1="1" ind2=" ">
   <subfield code="a">Albers, Josef</subfield>
   <subfield code="d">1888-1976</subfield>
   <subfield code="e">Ill.</subfield>
   <subfield code="0">(DE-588)118501429</subfield>
   <subfield code="0">(DE-627)22448351X</subfield>
   <subfield code="0">(DE-576)160043719</subfield>
   <subfield code="4">ill</subfield>
  </datafield>
  <datafield tag="700" ind1="1" ind2=" ">
   <subfield code="a">Albers, Anni</subfield>
   <subfield code="d">1899-1994</subfield>
   <subfield code="e">Ill.</subfield>
   <subfield code="0">(DE-588)119097257</subfield>
   <subfield code="0">(DE-627)079890083</subfield>
   <subfield code="0">(DE-576)211153923</subfield>
   <subfield code="4">ill</subfield>
  </datafield>
  <datafield tag="700" ind1="1" ind2=" ">
   <subfield code="a">Helfenstein, Josef</subfield>
   <subfield code="d">1957-</subfield>
   <subfield code="e">Hrsg.</subfield>
   <subfield code="0">(DE-588)121241092</subfield>
   <subfield code="0">(DE-627)081176139</subfield>
   <subfield code="0">(DE-576)161367909</subfield>
   <subfield code="4">edt</subfield>
  </datafield>
  <datafield tag="700" ind1="1" ind2=" ">
   <subfield code="a">Mentha, Henriette</subfield>
   <subfield code="d">1958-</subfield>
   <subfield code="0">(DE-588)114539383</subfield>
   <subfield code="0">(DE-627)515621633</subfield>
   <subfield code="0">(DE-576)186362218</subfield>
   <subfield code="4">oth</subfield>
  </datafield>
  <datafield tag="710" ind1="2" ind2=" ">
   <subfield code="a">Kunstmuseum Bern</subfield>
   <subfield code="0">(DE-588)2016799-4</subfield>
   <subfield code="0">(DE-627)101913745</subfield>
   <subfield code="0">(DE-576)191706191</subfield>
   <subfield code="4">oth</subfield>
  </datafield>
  <datafield tag="787" ind1="0" ind2="8">
   <subfield code="i">Rezension</subfield>
   <subfield code="a">Berkowits, Nomi</subfield>
   <subfield code="t">[Rezension von: Josef und Anni Albers, Europa und Amerika]</subfield>
   <subfield code="d">2000</subfield>
   <subfield code="w">(DE-627)1547720263</subfield>
   <subfield code="w">(DE-576)477720269</subfield>
  </datafield>
  <datafield tag="889" ind1=" " ind2=" ">
   <subfield code="w">(DE-576)471016276</subfield>
  </datafield>
  <datafield tag="935" ind1=" " ind2=" ">
   <subfield code="i">Blocktest</subfield>
  </datafield>
  <datafield tag="936" ind1="r" ind2="v">
   <subfield code="a">LI 10950</subfield>
   <subfield code="b">Albers, Josef</subfield>
   <subfield code="k">Kunstgeschichte</subfield>
   <subfield code="k">Künstler-Monografien</subfield>
   <subfield code="k">Alphabetische Künstlerliste</subfield>
   <subfield code="k">Künstler A</subfield>
   <subfield code="k">Albers, Josef</subfield>
   <subfield code="0">(DE-627)1270704931</subfield>
   <subfield code="0">(DE-625)rvk/95452:</subfield>
   <subfield code="0">(DE-576)200704931</subfield>
  </datafield>
  <datafield tag="936" ind1="b" ind2="k">
   <subfield code="a">20.31</subfield>
   <subfield code="j">Bildende Künstler</subfield>
   <subfield code="0">(DE-627)181571080</subfield>
  </datafield>
  <datafield tag="951" ind1=" " ind2=" ">
   <subfield code="a">BO</subfield>
  </datafield>
  <datafield tag="990" ind1=" " ind2=" ">
   <subfield code="a">Albers, Josef</subfield>
  </datafield>
  <datafield tag="990" ind1=" " ind2=" ">
   <subfield code="a">Albers, Anni</subfield>
  </datafield>
  <datafield tag="991" ind1=" " ind2=" ">
   <subfield code="a">Rezensiertes Werk</subfield>
  </datafield>
  <datafield tag="999" ind1=" " ind2=" ">
   <subfield code="a">KXP-PPN250703076</subfield>
   <subfield code="e">4046150327</subfield>
  </datafield>
 </record>
</collection>
